[Event "CZE-ch Betsys Online Blitz"]
[Site "Chess.com INT"]
[Date "2021.04.17"]
[Round "11"]
[White "Klimes, Jan1111"]
[Black "Porazil, Jan Frantisek"]
[Result "0-1"]
[WhiteElo "1525"]
[BlackElo "1394"]
[PlyCount "74"]
[EventDate "2021.04.17"]
[EventType "swiss (blitz)"]
[EventRounds "13"]
[EventCountry "CZE"]
[SourceTitle "CBM 201 Extra"]
[Source "ChessBase"]
[SourceDate "2021.05.31"]
[SourceVersion "1"]
[SourceVersionDate "2021.05.31"]
[SourceQuality "1"]

1. e4 e5 2. Nf3 Nc6 3. Bb5 Bc5 4. 0-0 Nf6 5. d3 d6 6. c3 0-0 7. Bg5 Bg4 8. Nbd2 a6 9. Ba4 b5 10. Bc2 Qe7 11. Re1 Nd8 12. Nf1 Ne6 13. Be3 Rad8 14. h3 Bxf3 15. Qxf3 c6 16. Rad1 d5 17. exd5 cxd5 18. Bxc5 Nxc5 19. Ng3 e4 20. dxe4 dxe4 21. Qe2 Rxd1 22. Rxd1 Re8 23. Rd4 e3 24. fxe3 Qe5 25. Kf2 h6 26. b4 Ncd7 27. Ne4 Nxe4+ 28. Rxe4 Qf5+ 29. Qf3 Qxf3+ 30. gxf3 Rxe4 31. Bxe4 Nf6 32. Bb7 Nh5 33. Bxa6 f6 34. Bxb5 g5 35. a4 Ng7 36. a5 Ne6 37. a6 Nc7 0-1

[Event "CZE-ch Betsys Online Blitz"]
[Site "Chess.com INT"]
[Date "2021.04.17"]
[Round "1"]
[White "Porazil, Jan Frantisek"]
[Black "Kubat, Pavel"]
[Result "0-1"]
[WhiteElo "1394"]
[BlackElo "1913"]
[PlyCount "54"]
[EventDate "2021.04.17"]
[EventType "swiss (blitz)"]
[EventRounds "13"]
[EventCountry "CZE"]
[SourceTitle "CBM 201 Extra"]
[Source "ChessBase"]
[SourceDate "2021.05.31"]
[SourceVersion "1"]
[SourceVersionDate "2021.05.31"]
[SourceQuality "1"]

1. e4 c5 2. Nf3 d6 3. d4 cxd4 4. Nxd4 Nf6 5. Nc3 a6 6. Bd3 e6 7. 0-0 Be7 8. Bg5 0-0 9. Bxf6 Bxf6 10. Nf3 Qb6 11. Na4 Qc7 12. Rb1 b5 13. Nc3 Bxc3 14. bxc3 Qxc3 15. Rb3 Qc7 16. Be2 Nd7 17. Rd3 Nc5 18. Rxd6 Nxe4 19. Rd4 Nf6 20. Bd3 Qc5 21. Be4 Nxe4 22. Rxe4 Bb7 23. Rh4 Bxf3 24. gxf3 h5 25. Qd3 Qg5+ 26. Kh1 Qxh4 27. Qd6 Rfd8 0-1